[Event "Open SSC Rostock 07"]
[Site "Rostock"]
[Date "2008.08.28"]
[Round "2.20"]
[White "Sura, Christian"]
[Black "Vladov, Mark"]
[Result "1/2-1/2"]
[WhiteElo "1405"]
[BlackElo "1708"]
[PlyCount "61"]
[EventDate "2008.08.28"]
[EventType "swiss"]
[EventRounds "7"]
[EventCountry "GER"]
[Source "Th.Schwetlick"]
[SourceDate "2008.08.28"]
[WhiteTeam "SSC Rostock 07"]
[BlackTeam "SF Ostsee Warnemuende"]

1. d4 Nf6 2. c4 g6 3. Nf3 c5 4. d5 d6 5. h3 Bg7 6. Nc3 O-O 7. e4 a6 8. Bd3 e6
9. O-O exd5 10. exd5 Qc7 11. Qc2 Nbd7 12. Bf4 Nh5 13. Bh2 f5 14. Rae1 Ne5 15.
Nxe5 dxe5 16. b3 Re8 17. Re3 Bd7 18. Rfe1 Re7 19. Be2 f4 20. Rf3 Bf5 21. Bd3
Bxd3 22. Rxd3 Qd7 23. Ne4 b6 24. Rdd1 Qf5 25. Qd2 Rd8 26. Qd3 Nf6 27. Nxf6+
Qxf6 28. Qe4 g5 29. f3 Rd6 30. Kf1 h5 31. Rd2 1/2-1/2

[Event "Open SSC Rostock 07"]
[Site "Rostock"]
[Date "2008.08.28"]
[Round "2.21"]
[White "Appel, Gerald"]
[Black "Celmer, Ole"]
[Result "1/2-1/2"]
[WhiteElo "1722"]
[BlackElo "1410"]
[PlyCount "61"]
[EventDate "2008.08.28"]
[EventType "swiss"]
[EventRounds "7"]
[EventCountry "GER"]
[Source "Th.Schwetlick"]
[SourceDate "2008.08.28"]
[WhiteTeam "SV Motor Wolgast 1949"]
[BlackTeam "SSC Rostock 07"]

1. d4 d5 2. Bf4 Nf6 3. e3 Bf5 4. Nf3 Nbd7 5. c3 e6 6. Nbd2 c5 7. Ne5 Nxe5 8.
dxe5 Nd7 9. Nf3 Be7 10. Be2 O-O 11. h3 f6 12. Bd3 fxe5 13. Nxe5 Nxe5 14. Bxe5
Bd6 15. Bxf5 Rxf5 16. Bxd6 Qxd6 17. O-O Raf8 18. Qb3 b6 19. Rad1 Qc6 20. Rd2
Rg5 21. f4 Rgf5 22. g4 R5f6 23. Qd1 h6 24. h4 g5 25. hxg5 hxg5 26. Rh2 R8f7 27.
Qc2 gxf4 28. exf4 Qd7 29. g5 Rf5 30. g6 Rg7 31. Rg2 1/2-1/2

[Event "Open SSC Rostock 07"]
[Site "Rostock"]
[Date "2008.08.28"]
[Round "2.22"]
[White "Schreiber, Felix"]
[Black "Schreiber, Nico"]
[Result "1/2-1/2"]
[WhiteElo "1292"]
[BlackElo "1685"]
[PlyCount "77"]
[EventDate "2008.08.28"]
[EventType "swiss"]
[EventRounds "7"]
[EventCountry "GER"]
[Source "Th.Schwetlick"]
[SourceDate "2008.08.28"]
[WhiteTeam "ASV Gruen-Weiss Wismar"]
[BlackTeam "ASV Gruen-Weiss Wismar"]

1. d4 d5 2. Nf3 Nf6 3. Bf4 e6 4. e3 Nbd7 5. Nbd2 Bd6 6. Bg3 a6 7. c3 Bxg3 8.
hxg3 Qe7 9. Bd3 b5 10. a4 b4 11. c4 a5 12. b3 c5 13. cxd5 exd5 14. O-O Ne4 15.
dxc5 Nc3 16. Qc2 Nxc5 17. Rfe1 Nxd3 18. Qxd3 Ba6 19. Qf5 O-O 20. Nd4 g6 21. Qf4
Bd3 22. Qh4 Qd7 23. N2f3 f6 24. Qh3 Ra7 25. Qxd7 Rxd7 26. Ne6 Rc8 27. Nfd4 Kf7
28. Nf4 Ba6 29. Kh2 Ne4 30. Rac1 Rxc1 31. Rxc1 Nc3 32. Nfe6 Rd6 33. Nc7 Bd3 34.
Ncb5 Bxb5 35. axb5 Rb6 36. Ra1 Nxb5 37. Rxa5 Nxd4 38. exd4 Ke6 39. g4 1/2-1/2

[Event "Open SSC Rostock 07"]
[Site "Rostock"]
[Date "2008.08.28"]
[Round "2.23"]
[White "Bardosch, Karl Valentin"]
[Black "Hasenberg, Harald"]
[Result "0-1"]
[WhiteElo "1183"]
[BlackElo "1678"]
[PlyCount "34"]
[EventDate "2008.08.28"]
[EventType "swiss"]
[EventRounds "7"]
[EventCountry "GER"]
[Source "Th.Schwetlick"]
[SourceDate "2008.08.28"]
[WhiteTeam "SSC Rostock 07"]
[BlackTeam "SSC Rostock 07"]

1. e4 g6 2. d4 Bg7 3. Bc4 d6 4. Be3 Nf6 5. Nd2 O-O 6. f4 Ng4 7. Qe2 c5 8. Nb3
Nc6 9. Nf3 Nb4 10. Bd3 Nxe3 11. Qxe3 c4 12. Qd2 Nxd3+ 13. cxd3 cxb3 14. axb3
Qb6 15. Qc3 Bg4 16. O-O Bxf3 17. Rxf3 Bxd4+ 0-1

[Event "Open SSC Rostock 07"]
[Site "Rostock"]
[Date "2008.08.28"]
[Round "2.24"]
[White "Jaehn, Justin"]
[Black "Doering, Manfred"]
[Result "1-0"]
[WhiteElo "1635"]
[BlackElo "1286"]
[PlyCount "69"]
[EventDate "2008.08.28"]
[EventType "swiss"]
[EventRounds "7"]
[EventCountry "GER"]
[Source "Th.Schwetlick"]
[SourceDate "2008.08.28"]
[WhiteTeam "SF Schwerin"]
[BlackTeam "SV Einheit Schwerin"]

1. Nf3 d6 2. d4 c6 3. e3 e6 4. b3 Be7 5. Bb2 Bf6 6. c4 Ne7 7. Be2 O-O 8. O-O
Nd7 9. Nc3 d5 10. cxd5 Nxd5 11. Rc1 Nxc3 12. Rxc3 Re8 13. Rc2 Nf8 14. e4 Bd7
15. e5 Be7 16. Nd2 Rc8 17. f4 b5 18. Ne4 Qb6 19. Qc1 Rc7 20. Kh1 Rec8 21. Nc5
Be8 22. f5 Bxc5 23. dxc5 Qb8 24. f6 Ng6 25. Rf3 Rd7 26. Qe3 Rcd8 27. Rc1 Rd5
28. Rh3 Nf8 29. fxg7 Kxg7 30. Rf1 Qc7 31. Qg5+ Kh8 32. Qf6+ Kg8 33. Bf3 Rd2 34.
Bc1 R2d3 35. Bh6 1-0

[Event "Open SSC Rostock 07"]
[Site "Rostock"]
[Date "2008.08.28"]
[Round "2.25"]
[White "Jaensch, Robert"]
[Black "Bardosch, Konstantin"]
[Result "1-0"]
[WhiteElo "1577"]
[BlackElo "1203"]
[PlyCount "101"]
[EventDate "2008.08.28"]
[EventType "swiss"]
[EventRounds "7"]
[EventCountry "GER"]
[Source "Th.Schwetlick"]
[SourceDate "2008.08.28"]
[WhiteTeam "SSC Rostock 07"]
[BlackTeam "SSC Rostock 07"]

1. e4 c5 2. Nf3 d6 3. d4 cxd4 4. Nxd4 Nf6 5. Nc3 a6 6. f3 e5 7. Nb3 Be7 8. Be3
O-O 9. Be2 Be6 10. Qd2 Nbd7 11. O-O-O Rc8 12. g4 b5 13. g5 Ne8 14. h4 f5 15.
Nd5 Bxd5 16. Qxd5+ Kh8 17. exf5 Rxf5 18. Bd3 Nc7 19. Qe4 g6 20. Qg4 Nd5 21. Bd2
Rf7 22. h5 Nf4 23. Bxg6 Nxg6 24. hxg6 Rg7 25. Rxh7+ Rxh7 26. gxh7 Nf8 27. g6
Bf6 28. Rg1 Bg7 29. Kd1 Qc7 30. c3 d5 31. f4 exf4 32. Bxf4 Qc4 33. Nd2 Qc6 34.
Be5 Nxg6 35. Qxg6 Qxg6 36. Rxg6 Bxe5 37. Rxa6 Kxh7 38. Rb6 Rb8 39. Rxb8 Bxb8
40. Ke2 Kg6 41. Kd3 Ba7 42. Nb3 Kf6 43. Nd4 Bxd4 44. Kxd4 Ke6 45. Kc5 Ke5 46.
Kxb5 Kd6 47. Kb6 Kd7 48. Kc5 Ke6 49. a4 Kd7 50. a5 Kc7 51. Kxd5 1-0

[Event "Open SSC Rostock 07"]
[Site "Rostock"]
[Date "2008.08.28"]
[Round "2.26"]
[White "Kirchner, Holger"]
[Black "Bezkorovaynyy, Mykola"]
[Result "0-1"]
[WhiteElo "1141"]
[BlackElo "1612"]
[PlyCount "62"]
[EventDate "2008.08.28"]
[EventType "swiss"]
[EventRounds "7"]
[EventCountry "GER"]
[Source "Th.Schwetlick"]
[SourceDate "2008.08.28"]
[WhiteTeam "Luebecker SV von 1873"]
[BlackTeam "ESV Rot-Weiss Goettingen"]

1. Nc3 b6 2. e4 Bb7 3. d4 e6 4. Nf3 Nf6 5. Bd3 Bb4 6. Qe2 O-O 7. O-O Bxc3 8.
bxc3 d6 9. h3 Nbd7 10. Re1 e5 11. dxe5 dxe5 12. Bg5 Re8 13. Qd1 c5 14. Bb5 Qc7
15. Bxf6 Nxf6 16. Bxe8 Rxe8 17. Nd2 Rd8 18. f3 Ba6 19. Qc1 Nh5 20. Kf2 Nf4 21.
Nf1 Qe7 22. Nh2 Qh4+ 23. Kg1 Ne2+ 24. Rxe2 Bxe2 25. Qe1 Qxe1+ 26. Rxe1 Bd1 27.
Ng4 Bxc2 28. Nxe5 Ba4 29. Ng4 Rd2 30. a3 Ra2 31. Rd1 Bxd1 0-1

[Event "Open SSC Rostock 07"]
[Site "Rostock"]
[Date "2008.08.28"]
[Round "2.27"]
[White "Mueggenburg, Rolf"]
[Black "Hartmann, Andreas"]
[Result "1-0"]
[WhiteElo "1533"]
[BlackElo "1165"]
[PlyCount "89"]
[EventDate "2008.08.28"]
[EventType "swiss"]
[EventRounds "7"]
[EventCountry "GER"]
[Source "Th.Schwetlick"]
[SourceDate "2008.08.28"]
[WhiteTeam "HSG Uni Rostock"]
[BlackTeam "SV Einheit Schwerin"]

1. Nf3 Nf6 2. g3 g6 3. Bg2 Bg7 4. O-O O-O 5. d4 d6 6. c4 Bg4 7. h3 Bxf3 8. Bxf3
c6 9. Nc3 Nbd7 10. Ne4 Nxe4 11. Bxe4 Rb8 12. e3 Nb6 13. b3 d5 14. cxd5 Nxd5 15.
Bb2 Re8 16. Re1 Rc8 17. Rb1 e6 18. Bg2 Qa5 19. a3 c5 20. Rc1 b5 21. Qe2 Bf8 22.
dxc5 b4 23. axb4 Nxb4 24. Bb7 Rxc5 25. Rxc5 Bxc5 26. Rd1 Rd8 27. Ra1 Qb6 28.
Be4 a5 29. Kh2 Nd5 30. Bxd5 Rxd5 31. Qf3 Bb4 32. Qf6 Kf8 33. Qg7+ Ke8 34. Qh8+
Kd7 35. Rc1 Qb7 36. Bf6 Be7 37. Bxe7 Kxe7 38. Rc8 Qd7 39. Qf8+ Kf6 40. Rc4 Rf5
41. Rd4 Qe7 42. Qh8+ Kg5 43. Qxh7 Kf6 44. Qh8+ Kg5 45. h4# 1-0

[Event "Open SSC Rostock 07"]
[Site "Rostock"]
[Date "2008.08.29"]
[Round "3.1"]
[White "Szelag, Marcin"]
[Black "Stiemerling, Wilfried"]
[Result "1/2-1/2"]
[WhiteElo "2474"]
[BlackElo "2184"]
[PlyCount "155"]
[EventDate "2008.08.28"]
[EventType "swiss"]
[EventRounds "7"]
[EventCountry "GER"]
[Source "Th.Schwetlick"]
[SourceDate "2008.08.28"]
[WhiteTeam "SSC Rostock 07"]
[BlackTeam "SC Rotation Pankow"]

1. e4 e6 2. d4 d5 3. Nc3 Nf6 4. e5 Nfd7 5. f4 c5 6. Nf3 Nc6 7. Be3 cxd4 8. Nxd4
Bc5 9. Qd2 Bxd4 10. Bxd4 Nxd4 11. Qxd4 Qb6 12. Qxb6 Nxb6 13. a4 a5 14. Nb5 Ke7
15. b3 Bd7 16. Nd4 Bc6 17. Kd2 Nd7 18. Bd3 h5 19. Rae1 g6 20. g3 Nc5 21. h3 Bd7
22. c3 Nxd3 23. Kxd3 Rac8 24. Kd2 Rc5 25. g4 Rcc8 26. Ref1 hxg4 27. hxg4 Rcg8
28. Nf3 Bc6 29. Nd4 Bd7 30. Kd3 Rc8 31. Ra1 Ra8 32. Nf3 b5 33. axb5 Bxb5+ 34.
Kd2 Rhb8 35. Ra2 Bd7 36. Nd4 a4 37. Rha1 Rh8 38. bxa4 Ra5 39. Nb3 Rh2+ 40. Ke3
Rxa2 41. Rxa2 Rxa4 42. Rxa4 Bxa4 43. Nc5 Bd1 44. g5 Bc2 45. Kd2 Bb1 46. Nb7 Be4
47. Nd6 Bb1 48. Kc1 Bd3 49. Kb2 Be2 50. Kc2 Bf1 51. Kb3 Be2 52. Kb4 Bd1 53. Kb5
Bc2 54. Nb7 Kd7 55. Kb6 Bd1 56. Nc5+ Ke7 57. Kc6 Bf3 58. Kc7 Bd1 59. Kc8 Bc2
60. Nd7 Ba4 61. Nb6 Bb5 62. Kc7 Ba6 63. Kc6 Bd3 64. Nc8+ Kd8 65. Na7 Ke7 66.
Kc7 Ba6 67. Nc6+ Ke8 68. Kd6 Bb5 69. Ne7 Ba6 70. Ng8 Bb5 71. Nf6+ Kd8 72. Ng4
Ke8 73. Ne3 Bd3 74. Ng4 Bb5 75. Nf6+ Kd8 76. Ng8 Ke8 77. Nf6+ Kd8 78. Ng8
1/2-1/2

[Event "Open SSC Rostock 07"]
[Site "Rostock"]
[Date "2008.08.29"]
[Round "3.2"]
[White "Kliewe, Hans Juergen"]
[Black "Tomczak, Rafal"]
[Result "0-1"]
[WhiteElo "2192"]
[BlackElo "2350"]
[PlyCount "74"]
[EventDate "2008.08.28"]
[EventType "swiss"]
[EventRounds "7"]
[EventCountry "GER"]
[Source "Th.Schwetlick"]
[SourceDate "2008.08.28"]
[WhiteTeam "ASV Gruen-Weiss Wismar"]
[BlackTeam "SSC Rostock 07"]

1. d4 d5 2. Nf3 Nf6 3. Bf4 c6 4. e3 Qb6 5. Qc1 Bf5 6. Be2 Nbd7 7. Ne5 h6 8. Nd2
g5 9. Bg3 Bg7 10. c4 O-O 11. c5 Qa5 12. O-O Rfc8 13. Qd1 b6 14. f4 g4 15. Nb3
Qa4 16. cxb6 axb6 17. Nxg4 c5 18. dxc5 bxc5 19. Ne5 e6 20. Bh5 Nxe5 21. fxe5
Nxh5 22. Qxh5 Bg6 23. Qf3 Rab8 24. Bf4 c4 25. Nd4 Rxb2 26. Qh3 Kh7 27. g4 Be4
28. Nf3 Bxf3 29. Rxf3 Qc2 30. Bxh6 Bxh6 31. Rf6 Qxh2+ 32. Qxh2 Rxh2 33. Kxh2
Bxe3 34. Rxf7+ Kg8 35. Re7 c3 36. Rxe6 c2 37. Rd6 Bf4+ 0-1

[Event "Open SSC Rostock 07"]
[Site "Rostock"]
[Date "2008.08.29"]
[Round "3.4"]
[White "Hamann, Dirk"]
[Black "Rolle, Eric"]
[Result "0-1"]
[WhiteElo "2088"]
[BlackElo "2241"]
[PlyCount "66"]
[EventDate "2008.08.28"]
[EventType "swiss"]
[EventRounds "7"]
[EventCountry "GER"]
[Source "Th.Schwetlick"]
[SourceDate "2008.08.28"]
[WhiteTeam "SF Ostsee Warnemuende"]
[BlackTeam "ESV 1949 Eberswalde"]

1. e4 e6 2. d4 d5 3. Nc3 Nf6 4. Bg5 dxe4 5. Nxe4 Be7 6. Bxf6 gxf6 7. Nf3 Bd7 8.
c3 Bc6 9. Qc2 Nd7 10. O-O-O Bxe4 11. Qxe4 c6 12. Bc4 Qc7 13. Rhe1 O-O-O 14. Kb1
Rdg8 15. g3 f5 16. Qe2 h5 17. d5 cxd5 18. Bxd5 Bf6 19. Bb3 Nc5 20. Bc2 a6 21.
Nd2 h4 22. Nc4 hxg3 23. hxg3 Kb8 24. a4 Rg4 25. a5 Ne4 26. Nb6 Bxc3 27. Rd7 Qc5
28. Qxg4 Qb4 29. Qf4+ e5 30. Qc1 Nd2+ 31. Rxd2 Bxd2 32. Qd1 Bxe1 33. Bxf5 Bc3
0-1

[Event "Open SSC Rostock 07"]
[Site "Rostock"]
[Date "2008.08.29"]
[Round "3.5"]
[White "Steinhagen, Bernd"]
[Black "Hittinger, Immanuel"]
[Result "1-0"]
[WhiteElo "2316"]
[BlackElo "1941"]
[PlyCount "149"]
[EventDate "2008.08.28"]
[EventType "swiss"]
[EventRounds "7"]
[EventCountry "GER"]
[Source "Th.Schwetlick"]
[SourceDate "2008.08.28"]
[WhiteTeam "SC Rotation Pankow"]
[BlackTeam "SK Bebenhausen 1992"]

1. c4 g6 2. Nc3 Bg7 3. g3 e5 4. Bg2 Nc6 5. Nf3 d6 6. d3 Nf6 7. Rb1 a5 8. a3 O-O
9. O-O h6 10. b4 axb4 11. axb4 Be6 12. b5 Ne7 13. Nd2 Rb8 14. Ba3 b6 15. Qb3
Qd7 16. Nd5 Nh7 17. Nxe7+ Qxe7 18. Bb2 f5 19. Ra1 f4 20. Ne4 Qd7 21. Qd1 Bh3
22. Ra7 Bxg2 23. Kxg2 Ng5 24. Nxg5 hxg5 25. f3 Kf7 26. g4 Ra8 27. Qa4 Qc8 28.
Ra1 Rxa7 29. Qxa7 Qb8 30. Qxb8 Rxb8 31. Ra7 Rc8 32. Bc3 Ke6 33. Be1 Bf6 34. Bf2
d5 35. c5 bxc5 36. Ra6+ Kf7 37. Rc6 d4 38. Rxc5 Rb8 39. Be1 Ke6 40. Rc6+ Kf7
41. Rxc7+ Ke8 42. Rc6 Bd8 43. Re6+ Kd7 44. Rxe5 Kd6 45. Re8 Bc7 46. Bb4+ Kd7
47. Rxb8 Bxb8 48. Kf1 Bd6 49. Ba5 Bc7 50. b6 Bd6 51. b7 Kc6 52. Bd8 Kxb7 53.
Ke1 Kc6 54. Kd1 Kb5 55. Kc2 Be5 56. Kb3 Bg7 57. Bxg5 Be5 58. h3 Bd6 59. Bf6 Kc5
60. Ka4 Bc7 61. h4 Bd6 62. h5 gxh5 63. gxh5 Bf8 64. Bg5 Bd6 65. h6 Be5 66. h7
Kd5 67. Kb5 Ke6 68. Bxf4 Bg7 69. Kc5 Kf5 70. Bh6 Bh8 71. Kd5 Kg6 72. Bf4 Kxh7
73. Be5 Bxe5 74. Kxe5 Kg6 75. Kxd4 1-0

[Event "Open SSC Rostock 07"]
[Site "Rostock"]
[Date "2008.08.29"]
[Round "3.6"]
[White "Westphal, Wolfgang"]
[Black "Xu, Xianliang"]
[Result "1-0"]
[WhiteElo "2251"]
[BlackElo "1871"]
[PlyCount "77"]
[EventDate "2008.08.28"]
[EventType "swiss"]
[EventRounds "7"]
[EventCountry "GER"]
[Source "Th.Schwetlick"]
[SourceDate "2008.08.28"]
[WhiteTeam "SC Neukloster"]
[BlackTeam "SK Bebenhausen 1992"]

1. e4 b6 2. c4 Bb7 3. Nc3 e6 4. d4 Bb4 5. Bd3 c5 6. d5 exd5 7. exd5 Bxc3+ 8.
bxc3 d6 9. Nf3 Nf6 10. O-O O-O 11. Bf4 Qc7 12. a4 Nbd7 13. Nh4 Rad8 14. Nf5 Ne5
15. Bxe5 dxe5 16. f3 Rfe8 17. Qe1 Bc8 18. Ng3 Ba6 19. Qe3 h6 20. Rfe1 Nd7 21.
Qd2 Nf8 22. Qc2 g6 23. Ne4 Kg7 24. g4 Nh7 25. Kh1 Ng5 26. Qg2 Qe7 27. Qg3 Nxe4
28. Rxe4 Qd6 29. Rae1 f6 30. h4 g5 31. Kg2 Bc8 32. Rh1 Rh8 33. Ree1 Bd7 34. Bc2
Rdg8 35. Rh2 Be8 (35... Kf7 36. Reh1 gxh4 37. Qxh4 h5) ({Deep Hiarcs 12: 1)} 
35... Re8 36. Rh3 a5 37. Reh1 {[%eval 41,19]}) ({Deep Hiarcs 12: 2)} 35... Kf8
36. hxg5 Rxg5 37. Reh1 Kg7 38. Rh5 Rxh5 39. Rxh5 Qf8 40. Qf2 Qc8 41. Qe3 a5 42.
Qe1 Qe8 43. Qd1 Rg8 44. Kf2 Rh8 {[%eval 46,19]}) ({Deep Hiarcs 12: 3)} 35...
Kf7 36. hxg5 Rxg5 37. Reh1 Kg7 38. Rh5 Rxh5 39. Rxh5 Qf8 40. Qf2 Qc8 41. Qe3 a5
42. Qe1 Qe8 43. Qd1 Rg8 44. Kf2 Rh8 {[%eval 46,18]}) ({Deep Hiarcs 12: 4)} 
35... Qf8 36. Reh1 Qd6 37. Qe1 Rf8 38. Qe3 Rf7 39. hxg5 fxg5 40. a5 bxa5 41.
Ra1 a4 42. Bxa4 e4 43. Qxe4 Qa6 44. Qe5+ {[%eval 50,19]}) 36. hxg5 hxg5 37.
Reh1 Qf8 38. Rh7+ Rxh7 39. Rxh7# 1-0

[Event "Open SSC Rostock 07"]
[Site "Rostock"]
[Date "2008.08.29"]
[Round "3.7"]
[White "Porsch, Harald"]
[Black "Kesten, Sebastian"]
[Result "0-1"]
[WhiteElo "2195"]
[BlackElo "2098"]
[PlyCount "58"]
[EventDate "2008.08.28"]
[EventType "swiss"]
[EventRounds "7"]
[EventCountry "GER"]
[Source "Th.Schwetlick"]
[SourceDate "2008.08.28"]
[WhiteTeam "SC Rotation Pankow"]
[BlackTeam "SC Neukloster"]

1. b3 e5 2. Bb2 Nc6 3. e3 Nf6 4. Bb5 d6 5. d4 exd4 6. exd4 a6 7. Be2 g6 8. Nf3
Bg7 9. O-O O-O 10. d5 Ne7 11. c4 b5 12. Nbd2 bxc4 13. bxc4 Rb8 14. Bc3 c6 15.
dxc6 Nxc6 16. Qa4 Ne5 17. Nxe5 dxe5 18. Bf3 Nd7 19. Rad1 Nc5 20. Qa3 Ne6 21.
Bb4 Re8 22. Bd6 Bf8 23. c5 Bxd6 24. cxd6 Nd4 25. Nc4 Qf6 26. Rxd4 exd4 27. Bc6
Rd8 28. Qa5 Be6 29. Nd2 Bf5 0-1

[Event "Open SSC Rostock 07"]
[Site "Rostock"]
[Date "2008.08.29"]
[Round "3.8"]
[White "Hauff, Andre"]
[Black "Wilting, Alexander"]
[Result "0-1"]
[WhiteElo "2095"]
[BlackElo "1903"]
[PlyCount "80"]
[EventDate "2008.08.28"]
[EventType "swiss"]
[EventRounds "7"]
[EventCountry "GER"]
[Source "Th.Schwetlick"]
[SourceDate "2008.08.28"]
[WhiteTeam "ESV 1949 Eberswalde"]
[BlackTeam "ESV Rot-Weiss Goettingen"]

1. d4 d5 2. c4 e6 3. Nc3 Nf6 4. Bg5 Nbd7 5. cxd5 exd5 6. Qc2 c6 7. Nf3 Be7 8.
e3 O-O 9. Bd3 Re8 10. O-O-O Ne4 11. h4 Ndf6 12. Ne5 Bf5 13. Bxf6 Bxf6 14. Nxe4
Bxe4 15. Bxe4 dxe4 16. Qxe4 Qa5 17. Kb1 Bxe5 18. dxe5 Rxe5 19. Qf4 Rd5 20. e4
Qa4 21. Qf3 Ra5 22. a3 Re5 23. Rhe1 c5 24. Rd5 Rae8 25. Rxe5 Rxe5 26. Qd3 Qe8
27. f4 Re7 28. e5 Rd7 29. Qb5 b6 30. Qc6 g6 31. Qf3 Qd8 32. g4 Qxh4 33. Rh1 Qd8
34. f5 Rd3 35. Qe2 Rd2 36. Qf3 Qd3+ 37. Qxd3 Rxd3 38. e6 fxe6 39. fxe6 Re3 40.
Rd1 Rxe6 0-1

[Event "Open SSC Rostock 07"]
[Site "Rostock"]
[Date "2008.08.29"]
[Round "3.9"]
[White "Valet, Richard"]
[Black "Jeske, Holger"]
[Result "1-0"]
[WhiteElo "2071"]
[BlackElo "1748"]
[PlyCount "97"]
[EventDate "2008.08.28"]
[EventType "swiss"]
[EventRounds "7"]
[EventCountry "GER"]
[Source "Th.Schwetlick"]
[SourceDate "2008.08.28"]
[WhiteTeam "Greifswalder SV"]
[BlackTeam "SSC Rostock 07"]

1. e4 d6 2. Nc3 g6 3. g3 Bg7 4. Bg2 e5 5. d3 c6 6. Nge2 Ne7 7. O-O O-O 8. Be3
f5 9. f4 Bh6 10. Qd2 Qc7 11. Rae1 Be6 12. fxe5 Bxe3+ 13. Qxe3 dxe5 14. d4 Bc4
15. exf5 Nxf5 16. Qxe5 Qxe5 17. dxe5 Re8 18. Rf4 Ne3 19. Nd4 Nxg2 20. Kxg2 Na6
21. Nxc6 Bxa2 22. Nd4 Be6 23. Nxe6 Rxe6 24. Nd5 Kg7 25. Rf6 Rae8 26. Rxe6 Rxe6
27. b4 Nb8 28. Nf4 Re8 29. e6 Na6 30. Nd5 b5 31. c3 Nb8 32. Nc7 Re7 33. Nxb5
Nc6 34. Nd4 Nd8 35. Re2 Kf6 36. Kf3 Rc7 37. Re3 a6 38. c4 Nb7 39. c5 Ke7 40.
Kf4 a5 41. c6 Nd6 42. b5 Nc4 43. Rc3 Nb6 44. Ke5 Rc8 45. c7 a4 46. Nc6+ Ke8 47.
Na7 a3 48. Nxc8 a2 49. Nd6+ 1-0

[Event "Open SSC Rostock 07"]
[Site "Rostock"]
[Date "2008.08.29"]
[Round "3.10"]
[White "Hanisch, Sebastian"]
[Black "Kaulich, Philipp Theodor"]
[Result "1-0"]
[WhiteElo "2109"]
[BlackElo "1745"]
[PlyCount "65"]
[EventDate "2008.08.28"]
[EventType "swiss"]
[EventRounds "7"]
[EventCountry "GER"]
[Source "Th.Schwetlick"]
[SourceDate "2008.08.28"]
[WhiteTeam "SF Schwerin"]
[BlackTeam "SK Bebenhausen 1992"]

1. Nf3 d5 2. b3 c5 3. e3 Nc6 4. Bb2 Bf5 5. Be2 Qc7 6. c4 e6 7. Nc3 Nf6 8. O-O
Be7 9. Rc1 O-O 10. Nh4 Bg6 11. Nxg6 hxg6 12. cxd5 exd5 13. d4 cxd4 14. exd4 Qf4
15. Na4 Rac8 16. Nc5 b6 17. Nd3 Qh4 18. Ne5 Nb8 19. Bd3 Bd6 20. g3 Qh3 21. f4
Nh5 22. Qf3 Nf6 23. Rfe1 Rxc1 24. Rxc1 Rc8 25. f5 Rxc1+ 26. Bxc1 Bxe5 27. dxe5
Ng4 28. fxg6 fxg6 29. Bxg6 Qxh2+ 30. Kf1 Qh3+ 31. Ke1 Nc6 32. Qf7+ Kh8 33. Qf8#
1-0

[Event "Open SSC Rostock 07"]
[Site "Rostock"]
[Date "2008.08.29"]
[Round "3.11"]
[White "Hasenberg, Harald"]
[Black "Stutz, Reno"]
[Result "0-1"]
[WhiteElo "1678"]
[BlackElo "2068"]
[PlyCount "32"]
[EventDate "2008.08.28"]
[EventType "swiss"]
[EventRounds "7"]
[EventCountry "GER"]
[Source "Th.Schwetlick"]
[SourceDate "2008.08.28"]
[WhiteTeam "SSC Rostock 07"]
[BlackTeam "ASV Gruen-Weiss Wismar"]

1. d4 Nf6 2. c4 c5 3. d5 b5 4. a4 bxc4 5. Nc3 g6 6. e4 d6 7. Bxc4 Bg7 8. Nge2
O-O 9. O-O Nbd7 10. f4 Nb6 11. Bd3 Rb8 12. a5 Nbd7 13. Qc2 Qc7 14. Nb5 Qb7 15.
a6 Qb6 16. Qa4 c4+ 0-1

[Event "Open SSC Rostock 07"]
[Site "Rostock"]
[Date "2008.08.29"]
[Round "3.12"]
[White "Krueger, Alexander"]
[Black "Kornblum, Dittmar"]
[Result "1-0"]
[WhiteElo "2055"]
[BlackElo "1730"]
[PlyCount "45"]
[EventDate "2008.08.28"]
[EventType "swiss"]
[EventRounds "7"]
[EventCountry "GER"]
[Source "Th.Schwetlick"]
[SourceDate "2008.08.28"]
[WhiteTeam "SF Ostsee Warnemuende"]
[BlackTeam "Doberaner SV 90"]

1. d4 Nf6 2. c4 e6 3. Nc3 d5 4. Nf3 Nbd7 5. e3 Be7 6. Bd3 O-O 7. c5 c6 8. Bd2
Qc7 9. b4 e5 10. dxe5 Nxe5 11. Be2 Bf5 12. O-O Ne4 13. Nd4 Bg6 14. f4 Nxd2 15.
Qxd2 Nc4 16. Bxc4 dxc4 17. f5 Bh5 18. Ne4 Rfd8 19. Qc2 Qe5 20. f6 Bg6 21. fxe7
Rxd4 22. exd4 Qxd4+ 23. Qf2 1-0

[Event "Open SSC Rostock 07"]
[Site "Rostock"]
[Date "2008.08.29"]
[Round "3.13"]
[White "Friedrich, Paul Robert"]
[Black "Jaehn, Justin"]
[Result "1-0"]
[WhiteElo "2043"]
[BlackElo "1635"]
[PlyCount "47"]
[EventDate "2008.08.28"]
[EventType "swiss"]
[EventRounds "7"]
[EventCountry "GER"]
[Source "Th.Schwetlick"]
[SourceDate "2008.08.28"]
[WhiteTeam "SC Neukloster"]
[BlackTeam "SF Schwerin"]

1. d4 f5 2. c4 Nf6 3. Nc3 g6 4. e3 Bg7 5. Bd3 d6 6. Nf3 Na6 7. O-O b6 8. c5 O-O
9. b4 bxc5 10. dxc5 Kh8 11. Ba3 Rb8 12. Qa4 Ne4 13. Nxe4 fxe4 14. Bxe4 Bxa1 15.
Rxa1 Qe8 16. Bc6 Qf7 17. Bb5 Qf6 18. Rb1 Qf5 19. e4 Qxe4 20. Re1 Qb7 21. Rxe7
Rxf3 22. Bb2+ Kg8 23. Bc4+ Be6 24. Re8+ 1-0

[Event "Open SSC Rostock 07"]
[Site "Rostock"]
[Date "2008.08.29"]
[Round "3.14"]
[White "Weber, Max"]
[Black "Zoll, Detlef"]
[Result "1/2-1/2"]
[WhiteElo "1614"]
[BlackElo "2035"]
[PlyCount "44"]
[EventDate "2008.08.28"]
[EventType "swiss"]
[EventRounds "7"]
[EventCountry "GER"]
[Source "Th.Schwetlick"]
[SourceDate "2008.08.28"]
[WhiteTeam "SSC Rostock 07"]
[BlackTeam "ESV 1949 Eberswalde"]

1. e4 e6 2. d4 d5 3. Nd2 Nf6 4. e5 Nfd7 5. Bd3 c5 6. c3 Nc6 7. Ne2 Qb6 8. Nf3
cxd4 9. cxd4 f6 10. exf6 Nxf6 11. O-O Bd6 12. Qc2 e5 13. dxe5 Bxe5 14. Nxe5
Nxe5 15. Be3 Qc6 16. Nd4 Qxc2 17. Bxc2 Nc4 18. Bc1 Bd7 19. b3 Nd6 20. Bb2 Nb5
21. Rad1 Nxd4 22. Bxd4 Bc6 1/2-1/2

[Event "Open SSC Rostock 07"]
[Site "Rostock"]
[Date "2008.08.29"]
[Round "3.15"]
[White "Lehmann, Torsten"]
[Black "Jaensch, Robert"]
[Result "0-1"]
[WhiteElo "1970"]
[BlackElo "1577"]
[PlyCount "96"]
[EventDate "2008.08.28"]
[EventType "swiss"]
[EventRounds "7"]
[EventCountry "GER"]
[Source "Th.Schwetlick"]
[SourceDate "2008.08.28"]
[WhiteTeam "ESV 1949 Eberswalde"]
[BlackTeam "SSC Rostock 07"]

1. g3 d5 2. Bg2 e5 3. c3 c6 4. d3 Nf6 5. Nh3 Bc5 6. e3 Bb6 7. f3 O-O 8. Nf2 Na6
9. O-O Nc7 10. Re1 Be6 11. Na3 Qd7 12. Nc2 Rad8 13. d4 exd4 14. exd4 Rfe8 15.
Bg5 Bf5 16. Ne3 Re6 17. Rf1 Bg6 18. Bh3 Rde8 19. Bxf6 gxf6 20. Bxe6 Qxe6 21.
Ng2 Qe2 22. Qxe2 Rxe2 23. b4 Nb5 24. Nd1 Nxc3 25. Nxc3 Bxd4+ 26. Kh1 Bxc3 27.
Nf4 Rb2 28. Nxg6 fxg6 29. a3 Re2 30. Rab1 d4 31. Rfd1 Re3 32. Kg2 Re2+ 33. Kg1
Kf7 34. Rd3 Ke6 35. Rb3 Rc2 36. Rb1 Kd5 37. h4 Kc4 38. Rdd1 Ra2 39. g4 Rxa3 40.
Kg2 Rb3 41. f4 Rxb1 42. Rxb1 Bxb4 43. Kf3 a5 44. Ke4 d3 45. Rc1+ Bc3 46. Ke3 d2
47. Rb1 a4 48. Ke2 a3 0-1